What to Burn in a Fireplace Quiz Stats

 Plays Quiz Updated Mar 8, 2016

Also try: Banned from Flight
Challenge
Share
Tweet
Embed
Score 0/7 Timer 04:00
5 Plays Today
% Correct
Dry Wood
78.7%
Dry kindling
73.5%
Natural fire starters
67.7%
Organic fire starters
62.3%
Newspaper
61.5%
Wood with moisture content less than 20 percent
61.4%
Well-Seasoned wood
55.5%

You're not logged in!

Compare scores with friends on all Sporcle quizzes.
OR
Log In

You Might Also Like...

Show Comments

Extras

Top Quizzes Today


Score Distribution

Your Account Isn't Verified!

In order to create a playlist on Sporcle, you need to verify the email address you used during registration. Go to your Sporcle Settings to finish the process.

Report this User

Report this user for behavior that violates our Community Guidelines.

Details: